| 000 | 00691cam a2200205 i 4500 | ||
|---|---|---|---|
| 001 | 28273 | ||
| 003 | Mx-PuUPA | ||
| 005 | 20260424090915.0 | ||
| 008 | 140415s2023 waua gr 000 0 spa d | ||
| 020 | _a9781615374830 | ||
| 040 | _cMx-PuUPA | ||
| 041 | _aspa | ||
| 082 | 0 | 4 |
_axx _bxx _223 |
| 100 | 1 |
_aGriffith, Ezra E. H. _eautor |
|
| 245 |
_aRace and ecellence : _bmy dialogue with chester pierce / _cEzra e.H. Griffith |
||
| 264 | 1 |
_aWashington, D.C. : _bAmerican Psychiatric Association Publishing, _c©2023 |
|
| 300 |
_axxx, 187 páginas : _bilustraciones ; _c24 cm |
||
| 942 |
_2ddc _cLI _hxx _ixx |
||
| 999 |
_c28273 _d28273 |
||